02752nab a22002537a 4500999001500000003000400015005001700019008004100036040000700077100002500084245008500109260007300194300001500267500007100282505172600353505008902079650003502168650003402203650003302237650003702270650004002307773013802347942001302485 c5671d5671OSt20251226222036.0190603e xxum|||| |||| 00| 0 spa d cPJ 96280aPalma, Mariano10aDerecho a la información en la Ley de Defensa del Consumidor /cMariano Palma. cCiudad Autónoma de Buenos Aires :aThomson Reuters La Ley, b2025. ap. 337-347 aCita: TR LALEY AR/DOC/1049/2025 Publicado en: RCCyC 2025 (junio). a Sumario: I. ¿En qué consiste el deber de información del proveedor? ¿Es un derecho del consumidor?— II. ¿Cómo debe suministrarse la información al consumidor o usuario?— III. ¿En qué consiste la forma "cierta, clara y detallada"?— IV. ¿Cuáles son las características esenciales de los bienes y servicios que provee?— V. ¿Cuáles son las condiciones de su comercialización?— VI. ¿Qué medidas adopta el BCRA en el caso de usuarios de servicios financieros?— VII. ¿Qué situación acontece en los casos de falta de lectura por parte del consumidor?— VIII. ¿El consumidor experto debe ser tenido como profano?— IX. El caso de la Ley de Etiquetado Frontal o "Promoción de la alimentación saludable" (27.642).— X. ¿Qué pasa en el caso de los códigos QR?— XI. El deber de información como un deber de indemnidad.— XII. La sobreinformación como limitante del conocimiento.— XIII. ¿La ausencia de cumplimiento del deber de información opera como una limitante al momento de perfeccionarse el contrato?— XIV. ¿Qué sanciones son aplicables en caso de incumplimiento al deber de información?— XV. ¿Cómo actúa la responsabilidad precontractual ante la ausencia del deber de información?— XVI. ¿Qué ocurre durante la etapa de ejecución y poscontractual con el deber de información?— XVII. ¿Cómo se prueba el incumplimiento al deber de información?— XVIII. El deber de gratuidad de la información.— XIX. El deber de información en el Cód. Civ. y Com.— XX. El deber de información en la Ley de Defensa de la Competencia y en el Dec. de Lealtad Comercial.— XXI. El deber de información en la Constitución Nacional.  t¿Te interesa el texto completo? Solicitalo al correo: koha@justierradelfuego.gov.ar 091497aCODIGO CIVIL Y COMERCIAL 092608aDERECHOS DEL CONSUMIDOR 092597aDEFENSA DEL CONSUMIDOR 093407aDERECHO A LA INFORMACIÓN 092600aLEY DE DEFENSA DEL CONSUMIDOR0 0271393170dCiudad Autónoma de Buenos Aires : Thomson Reuters La Ley, 2015-tRevista Código Civil y Comercial. Nº 3 - Junio 2025 2udccANA